| 000 | 01082nam a22002537a 4500 | ||
|---|---|---|---|
| 005 | 20100318113710.0 | ||
| 008 | 100318t xxu||||| |||| 00| 0 hin d | ||
| 010 | _aHIN-89152 | ||
| 020 |
_c150.00 _a8186065512 |
||
| 035 | _aHN-61498 | ||
| 037 | _bDBAD / PUB | ||
| 040 |
_aDPL _bHN |
||
| 082 | _a821 | ||
| 100 |
_aदिनेश सिंह _917401 |
||
| 245 |
_aमैं फिर से गाऊँगा / _cदिनेश सिंह |
||
| 246 |
_aMain phir sai gaunga/ _bby Dinesh Singh |
||
| 260 |
_aइलाहाबाद _bअनुभूति प्रकाशन _cव.अ. |
||
| 270 |
_a53 करनपुर, प्रयाग स्टेशन _bइलाहाबाद _e211002 _k09415614316 |
||
| 300 |
_a112पृ _c22सेमी (सजिल्द) |
||
| 650 |
_aहिन्दी कविता _9697 |
||
| 650 |
_aHindi poetry _9698 |
||
| 942 |
_2ddc _cHN _mदिनेश |
||
| 999 |
_c34744 _d34744 |
||